Entry Personal Name
Number of records used in: 1
001 - CONTROL NUMBER
003 - CONTROL NUMBER IDENTIFIER
005 - DATE AND TIME OF LATEST TRANSACTION
- control field:
20200128102326.0
008 - FIXED-LENGTH DATA ELEMENTS
- fixed length control field:
800418n| acannaab| |n aaa
010 ## - LIBRARY OF CONGRESS CONTROL NUMBER
- LC control number:
n 50012574
040 ## - CATALOGING SOURCE
- Original cataloging agency:
DLC
- Transcribing agency:
DLC
- Modifying agency:
DLC
- Modifying agency:
Uk
100 10 - HEADING--PERSONAL NAME
- Personal name:
Slocum, John W.
670 ## - SOURCE DATA FOUND
- Source citation:
Hellriegel, D.
- Information found:
Management, 1974.
670 ## - SOURCE DATA FOUND
- Source citation:
Hellriegel, D. Organizational behavior, c1983:
- Information found:
CIP t.p. (John Slocum) bk t.p. (John W. Slocum, Jr.; Southern Methodist Univ.)
670 ## - SOURCE DATA FOUND
- Source citation:
How to pack your career parachute, 1995:
- Information found:
CIP t.p. (John W. Slocum; Southern Methodist Univ.) data sheet (b. 09-03-1940)
670 ## - SOURCE DATA FOUND
- Source citation:
E-mail from author, 8 July 2000
- Information found:
(John Wesley Slocum, born 3 Sept. 1940)